Movie by Tagline #2 - Statistics

General Stats
  • This quiz has been taken 262 times
    205 since last reset
  • The average score is 8 of 15
Answer Stats
Hint Initials Answer % Correct
A long time ago in a galaxy far, far away. SW Star Wars
98%
Who ya gonna call? G Ghostbusters
97%
Don’t go in the water. J Jaws
92%
Expect the impossible. MI Mission Impossible
89%
An adventure 65 million years in the making. JP Jurassic Park
85%
You’ll believe a man can fly! S Superman
83%
In space no one can hear you scream. A Aliens
73%
Earth. Take a good look. It might be your last. ID Independence Day
61%
An epic of miniature proportions. ABL A Bug's Life
34%
Size does matter. G Godzilla
34%
There’s something about your first piece. AP American Pie
28%
This ain't no chick flick. CR Chicken Run
19%
Every dream has a price. WS Wall Street
17%
They should have left him alone. TBS The Bourne Supremacy
13%
Disaster has a passport. MBH Mr. Bean’s Holiday
11%
No matching quizzes found
Score Distribution
Percent of People with Each Score
Percentile by Number Answered
Your Score History
You have not taken this quiz since the last reset